000 00824nam a22001577a 4500
005 20260123085339.0
008 230721b ||||| |||| 00| 0 eng d
040 _cSSBUL
_dSSBUL
082 _223
_a၃၂၈.၅၉၁ ဒု ၁၆၁၀၈ (S-SAT)
245 _aဒုတိယအကြိမ် ပြည်သူ့လွှတ်တော်ပထမအစည်းအဝေးသို့ ပြည်သူ့ဥပဒေ.../
300 _a၁၆၈ စာမျက်နှာ၊
_c၂၂ စင်တီ။
500 _aS-SAT: Dr. Prof Sai Aung Tun
650 _aမြန်မာနိုင်ငံပြည်သူ့လွှတ်တော်။
_927829
650 _aလွှတ်တော်အစည်းအဝေးများ
_zမြန်မာနိုင်ငံ။
_927844
942 _2ddc
_cBK1
999 _c27437
_d27437